Statystyki dla Stolice najbliżej Berlina

Kliknij tutaj aby rozwiązać quiz!

Ogólne statystyki

  • Ten quiz został rozwiązany 50 razy
  • Średni wynik to 9 z 10

Statystyki odpowiedzi

OdległoścStolica% Poprawnych
517 KmWarszawa
100%
280 KmPraga
98%
576 KmAmsterdam
94%
355 KmKopenhaga
94%
602 KmLuksemburg
94%
523 KmWiedeń
94%
650 KmBruksela
90%
553 KmBratysława
86%
689 KmBudapeszt
78%
659 KmVaduz
65%

Rozkład punktacji

Percentyl według liczby udzielonych odpowiedzi

Procent ludzi z każdym wynikiem

Twoja historia wyników

Nie rozwiązałeś tego quizu